[Event "American Continental (Women) 06th"]
[Site "Duran"]
[Date "2011.06.14"]
[Round "3"]
[White "Orozco Lopez, Luz Elena"]
[Black "Rodriguez Rueda, Paula Andrea"]
[Result "1/2-1/2"]
[WhiteElo "2145"]
[BlackElo "2069"]
[PlyCount "160"]
[EventDate "2011.06.12"]
[EventType "swiss"]
[EventRounds "11"]
[EventCountry "ECU"]
[SourceTitle "EXT 2012"]
[Source "ChessBase"]
[SourceDate "2011.11.24"]
[SourceVersion "1"]
[SourceVersionDate "2011.11.24"]
[SourceQuality "1"]

1. e4 c5 2. Nf3 d6 3. d4 cxd4 4. Nxd4 Nf6 5. Nc3 a6 6. Be2 e5 7. Nb3 Be7 8. 0-0 0-0 9. Kh1 b5 10. f3 Nbd7 11. a4 b4 12. Nd5 Nxd5 13. Qxd5 Nb6 14. Qd2 a5 15. f4 Bb7 16. Qe3 Qc7 17. Bd3 Bf6 18. Qg3 d5 19. exd5 Bxd5 20. fxe5 Bxe5 21. Qh4 g6 22. Nd4 Rad8 23. Nf3 Bxf3 24. Rxf3 f5 25. Bg5 Rd4 26. Qf2 Nc4 27. c3 Rd7 28. Qe2 Nb6 29. Re1 Bg7 30. Bb5 Rd5 31. Be7 Re5 32. Re3 Qxe7 33. Rxe5 Qxe5 34. Qxe5 Bxe5 35. Rxe5 Rc8 36. Re8+ Rxe8 37. Bxe8 Kf8 38. Bb5 bxc3 39. bxc3 Ke7 40. Kg1 Kd6 41. Kf2 Nd5 42. c4 Nf6 43. Kf3 g5 44. h3 Kc5 45. g3 h6 46. Ke3 Ne4 47. g4 Nd6 48. gxf5 Nxf5+ 49. Ke4 Nd6+ 50. Ke5 Nxc4+ 51. Kf6 Nd6 52. Bd7 Nc4 53. Bb5 Nd6 54. Be2 Kd4 55. Kg6 Ke3 56. Bg4 Kf4 57. Kxh6 Ne4 58. Kg6 Nc5 59. Bd1 Ne4 60. Bc2 Nf2 61. Bf5 g4 62. hxg4 Nxg4 63. Bc2 Ne3 64. Bd3 Nd5 65. Bb5 Ke5 66. Kg5 Ne3 67. Be8 Nd5 68. Bb5 Nc3 69. Be8 Ne4+ 70. Kg6 Kd4 71. Bc6 Nd6 72. Kf6 Kc5 73. Bd7 Nc4 74. Ke6 Kb4 75. Bb5 Nb6 76. Bc6 Nxa4 77. Kd5 Nb2 78. Kd4 Nc4 79. Bd5 Nb6 80. Bc6 Kb3 1/2-1/2

[Event "American Continental (Women) 06th"]
[Site "Duran"]
[Date "2011.06.13"]
[Round "2"]
[White "Lujan, Carolina"]
[Black "Orozco Lopez, Luz Elena"]
[Result "1-0"]
[WhiteElo "2353"]
[BlackElo "2145"]
[PlyCount "97"]
[EventDate "2011.06.12"]
[EventType "swiss"]
[EventRounds "11"]
[EventCountry "ECU"]
[SourceTitle "EXT 2012"]
[Source "ChessBase"]
[SourceDate "2011.11.24"]
[SourceVersion "1"]
[SourceVersionDate "2011.11.24"]
[SourceQuality "1"]

1. e4 d5 2. exd5 Qxd5 3. Nc3 Qa5 4. d4 Nf6 5. Bc4 c6 6. Bd2 Bf5 7. Qe2 e6 8. d5 cxd5 9. Nxd5 Qd8 10. Nxf6+ Qxf6 11. 0-0-0 Ba3 12. c3 Be7 13. g4 Bg6 14. h4 h6 15. f4 Nc6 16. Nf3 h5 17. Ne5 hxg4 18. Bb5 a6 19. Bxc6+ bxc6 20. h5 Rxh5 21. Rxh5 Bxh5 22. Qc4 Rd8 23. Qxc6+ Kf8 24. Nd7+ Rxd7 25. Qxd7 Kg8 26. Be3 Qh4 27. Qb7 Qg3 28. Qb8+ Kh7 29. Qe5 Qh3 30. Bd4 Bf6 31. Qe4+ Bg6 32. Qc6 Qg3 33. Qxa6 Kg8 34. Qf1 Bxd4 35. Rxd4 Qe3+ 36. Kd1 Bh5 37. Rd8+ Kh7 38. Qd3+ Qxd3+ 39. Rxd3 Kg6 40. c4 Kf5 41. c5 Ke4 42. Rc3 e5 43. fxe5 Kxe5 44. c6 g3+ 45. Ke1 g2 46. Kf2 g1Q+ 47. Kxg1 Bg4 48. c7 Bc8 49. Rd3 1-0

[Event "COL-ch (Women)"]
[Site "El Bagre"]
[Date "2010.07.01"]
[Round "9"]
[White "Orozco Lopez, Luz Elena"]
[Black "Orozco Lopez, Lina Yomayra"]
[Result "0-1"]
[WhiteElo "2131"]
[BlackElo "2081"]
[PlyCount "59"]
[EventDate "2010.06.25"]
[EventType "tourn"]
[EventRounds "11"]
[EventCountry "COL"]
[SourceTitle "CBM 137 Extra"]
[Source "ChessBase"]
[SourceDate "2010.09.01"]
[SourceVersion "1"]
[SourceVersionDate "2010.09.01"]
[SourceQuality "1"]

1. e4 c5 2. Nf3 e6 3. d4 cxd4 4. Nxd4 a6 5. Bd3 Nc6 6. Nxc6 bxc6 7. 0-0 e5 8. Nc3 Nf6 9. Bg5 h6 10. Bh4 Bc5 11. Kh1 g5 12. Bg3 h5 13. f3 Qe7 14. Qe2 g4 15. Bf2 Bxf2 16. Qxf2 h4 17. f4 g3 18. Qf3 gxh2 19. f5 Nh5 20. f6 Qe6 21. Qf5 Nf4 22. Qxe6+ Nxe6 23. Kxh2 Bb7 24. Rf5 d6 25. Rd1 0-0-0 26. a4 Nf4 27. a5 Kc7 28. Rf1 Bc8 29. R5xf4 exf4 30. Rxf4 0-1

[Event "COL-ch (Women)"]
[Site "El Bagre"]
[Date "2010.06.28"]
[Round "6"]
[White "Franco Valencia, Beatriz Irene"]
[Black "Orozco Lopez, Luz Elena"]
[Result "0-1"]
[WhiteElo "2166"]
[BlackElo "2131"]
[PlyCount "74"]
[EventDate "2010.06.25"]
[EventType "tourn"]
[EventRounds "11"]
[EventCountry "COL"]
[SourceTitle "CBM 137 Extra"]
[Source "ChessBase"]
[SourceDate "2010.09.01"]
[SourceVersion "1"]
[SourceVersionDate "2010.09.01"]
[SourceQuality "1"]

1. d4 Nf6 2. Nf3 e6 3. g3 c5 4. Bg2 Nc6 5. 0-0 cxd4 6. Nxd4 a6 7. c4 Be7 8. Nc3 0-0 9. Nxc6 bxc6 10. Na4 d5 11. Bf4 a5 12. Qc2 Bd6 13. Bxd6 Qxd6 14. c5 Qe7 15. e4 Nd7 16. Rfe1 Qf6 17. Rad1 Bb7 18. f4 g6 19. exd5 exd5 20. Bh3 Bc8 21. Re3 Rb8 22. Bf1 Rd8 23. Rde1 Nf8 24. Bd3 Be6 25. b3 Rb7 26. Nb6 Bh3 27. Re5 Ne6 28. Qc3 Ra7 29. a3 Kg7 30. Bb1 Nc7 31. f5 Nb5 32. Qb2 Re7 33. Bd3 Rde8 34. Bxb5 Rxe5 35. Rxe5 Rxe5 36. Be2 Rxe2 37. Qxe2 Qd4+ 0-1

[Event "COL-ch sf (Women)"]
[Site "Medellin"]
[Date "2010.06.10"]
[Round "6"]
[White "Orozco Lopez, Luz Elena"]
[Black "Herrera, Milena"]
[Result "0-1"]
[WhiteElo "2131"]
[BlackElo "2115"]
[PlyCount "116"]
[EventDate "2010.06.07"]
[EventType "swiss"]
[EventRounds "9"]
[EventCountry "COL"]
[SourceTitle "CBM 136 Extra"]
[Source "ChessBase"]
[SourceDate "2010.07.02"]
[SourceVersion "2"]
[SourceVersionDate "2010.07.15"]
[SourceQuality "1"]

1. e4 c5 2. Nf3 d6 3. d4 cxd4 4. Nxd4 Nf6 5. Nc3 a6 6. Be2 e5 7. Nb3 Be6 8. Bg5 Nbd7 9. 0-0 Qc7 10. f4 h6 11. Bxf6 Nxf6 12. Nd5 Bxd5 13. exd5 Qb6+ 14. Kh1 e4 15. c4 g6 16. Qc2 Bg7 17. g4 0-0 18. g5 hxg5 19. fxg5 Nh7 20. Rg1 Be5 21. Raf1 Qe3 22. Qd2 Qxd2 23. Nxd2 Bxb2 24. Nxe4 Rfe8 25. Bd3 Rad8 26. Rg4 Re5 27. Rb1 Bd4 28. Rxb7 Rde8 29. h4 Bc5 30. Rf4 R8e7 31. Rb8+ Kg7 32. Kg2 Be3 33. Rg4 Bc5 34. a4 Ba7 35. Rb3 Bc5 36. a5 Nf8 37. Kf3 Nd7 38. Rf4 Re8 39. Bb1 R5e7 40. Nf6 Re3+ 41. Rxe3 Rxe3+ 42. Kg2 Ne5 43. Ne8+ Kf8 44. Nc7 Re2+ 45. Kf1 Rh2 46. Be4 Ra2 47. Nxa6 Rxa5 48. Nc7 Ra1+ 49. Ke2 Ke7 50. Bc2 Rh1 51. Ba4 Rh2+ 52. Kd1 Kd8 53. Na6 Nd3 54. Rxf7 Nb2+ 55. Kc1 Be3+ 56. Kb1 Nxa4 57. Rf6 Nc3+ 58. Ka1 Ra2# 0-1

[Event "COL-ch sf (Women)"]
[Site "Medellin"]
[Date "2010.06.09"]
[Round "4"]
[White "Orozco Lopez, Luz Elena"]
[Black "Salazar, Aura Cristina"]
[Result "0-1"]
[WhiteElo "2131"]
[BlackElo "2135"]
[PlyCount "84"]
[EventDate "2010.06.07"]
[EventType "swiss"]
[EventRounds "9"]
[EventCountry "COL"]
[SourceTitle "CBM 136 Extra"]
[Source "ChessBase"]
[SourceDate "2010.07.02"]
[SourceVersion "2"]
[SourceVersionDate "2010.07.15"]
[SourceQuality "1"]

1. e4 c5 2. Nf3 Nc6 3. d4 cxd4 4. Nxd4 g6 5. Nc3 Bg7 6. Be3 Nf6 7. Nb3 0-0 8. Be2 d6 9. 0-0 Be6 10. f4 Qc8 11. Kh1 Rd8 12. Bf3 Bc4 13. Re1 d5 14. exd5 Nb4 15. d6 Rxd6 16. Qc1 a5 17. Bc5 Nxc2 18. Qxc2 Bxb3 19. Qxb3 Qxc5 20. Qxb7 Re8 21. Re5 Qb4 22. Rb5 Qxf4 23. Rxa5 Rd2 24. Ra4 Qd6 25. Re1 Rf2 26. Ne2 Rb8 27. Ra8 Rf8 28. Qa7 Rxa8 29. Qxa8+ Bf8 30. Qa7 Rxf3 31. gxf3 Qd2 32. Qf2 Qxb2 33. a4 Qa3 34. Qd4 Qxf3+ 35. Kg1 Bh6 36. Ng3 Nd5 37. Qf2 Be3 38. Rxe3 Qxe3 39. a5 Qxf2+ 40. Kxf2 f5 41. a6 Nc7 42. a7 e5 0-1

[Event "COL-ch sf (Women)"]
[Site "Medellin"]
[Date "2010.06.08"]
[Round "2"]
[White "Orozco Lopez, Luz Elena"]
[Black "Ramirez, Heimy Polgar"]
[Result "1/2-1/2"]
[WhiteElo "2131"]
[BlackElo "2027"]
[PlyCount "57"]
[EventDate "2010.06.07"]
[EventType "swiss"]
[EventRounds "9"]
[EventCountry "COL"]
[SourceTitle "CBM 136 Extra"]
[Source "ChessBase"]
[SourceDate "2010.07.02"]
[SourceVersion "2"]
[SourceVersionDate "2010.07.15"]
[SourceQuality "1"]

1. e4 c5 2. Nf3 d6 3. d4 cxd4 4. Nxd4 Nf6 5. Nc3 g6 6. Be2 Bg7 7. 0-0 0-0 8. Be3 Nc6 9. Nb3 Be6 10. f4 Qc8 11. Kh1 Rd8 12. Bf3 Bc4 13. Rf2 Be6 14. Rd2 h5 15. Nd5 Ng4 16. Bd4 Bxd4 17. Nxd4 Bxd5 18. Bxg4 hxg4 19. exd5 Nxd4 20. Rxd4 Qf5 21. c4 Kg7 22. Qe2 Rh8 23. Kg1 Rh5 24. h3 Rh4 25. Qxe7 gxh3 26. Qxd6 Rg4 27. Qe5+ Qxe5 28. fxe5 Rxg2+ 29. Kh1 1/2-1/2

[Event "COL-ch sf (Women)"]
[Site "Medellin"]
[Date "2010.06.08"]
[Round "3"]
[White "Rodriguez Rueda, Paula Andrea"]
[Black "Orozco Lopez, Luz Elena"]
[Result "0-1"]
[WhiteElo "2076"]
[BlackElo "2131"]
[PlyCount "106"]
[EventDate "2010.06.07"]
[EventType "swiss"]
[EventRounds "9"]
[EventCountry "COL"]
[SourceTitle "CBM 136 Extra"]
[Source "ChessBase"]
[SourceDate "2010.07.02"]
[SourceVersion "2"]
[SourceVersionDate "2010.07.15"]
[SourceQuality "1"]

1. d4 Nf6 2. c4 e6 3. Nf3 b6 4. g3 Ba6 5. b3 Bb4+ 6. Bd2 Be7 7. Bg2 c6 8. 0-0 0-0 9. Bc3 d5 10. Nbd2 Ne4 11. Nxe4 dxe4 12. Nd2 f5 13. e3 Nd7 14. f3 exf3 15. Bxf3 Rc8 16. e4 c5 17. exf5 cxd4 18. fxe6 dxc3 19. exd7 Qxd7 20. Ne4 Qxd1 21. Raxd1 Bb7 22. Nf6+ Rxf6 23. Bxb7 Rxf1+ 24. Rxf1 Bc5+ 25. Kg2 Re8 26. Bd5+ Kh8 27. Bf3 Re3 28. Rc1 g6 29. g4 g5 30. Rc2 Kg7 31. Bd1 Rd3 32. Be2 Re3 33. Bd1 Re1 34. Be2 Be3 35. Kf3 Bd2 36. b4 Kf6 37. c5 bxc5 38. bxc5 Ke5 39. c6 Kd6 40. Bb5 Re5 41. a4 Kc7 42. Kf2 Kb6 43. Kf3 h6 44. Kf2 a6 45. c7 Rc5 46. Bd3 Rxc7 47. Ra2 Ka5 48. Bc2 Rb7 49. Ke2 Re7+ 50. Kf2 Be3+ 51. Kg2 Bf4 52. Bd1 Rd7 53. Be2 Kb4 0-1